Estatísticas para Marcas que começam com O

Clique aqui para jogar o quiz

Estatísticas Gerais

  • Esse quiz foi jogado 10 vezes
  • A pontuação média é 3 de 14

Estatísticas das Respostas

HintResposta% Correto
5.Oakley
63%
1.Oreo
50%
13.O.B.
38%
14.OMO
38%
2.ONE
25%
6.Omega
13%
8.Oracle
13%
9.Oral B
13%
10.Orange
13%
4.O'neill
0%
3.Only
0%
7.Ople
0%
11.Oriflame
0%
12.Oscar de La Renta
0%

Distribuição das Pontuações

Percentil de Números Respondidos

Porcentagem de Pessoas com Cada Pontuação

Sua Pontuação Histórica

Você não jogou esse quiz